| 000 | 00858cab a2200253 4500 | ||
|---|---|---|---|
| 001 | ABS42913 | ||
| 008 | 090401t1990 xxu||||| |||| 00| 0 eng d | ||
| 035 | _a(Sirsi) u39551 | ||
| 041 | _aeng | ||
| 100 | _aSmithers, T. | ||
| 245 | _aFire precautions and leasehold premises | ||
| 260 | _c1990 | ||
| 350 | _a0 | ||
| 490 |
_aEstates Gazette _v(9023) 9 June 1990, 56-57(2) |
||
| 520 | _aExamines the legislative requirements which apply to fire precautions in factories , offices and shops and the division of responsibilities between landlords and tenants. References. | ||
| 650 | _aFIRE CERTIFICATE | ||
| 650 | _aFIRE PRECAUTIONS ACT 1971 | ||
| 650 | _aFIRE SAFETY AND SAFETY OF PLACES OF SPORT ACT 1989 | ||
| 650 | _aLEGISLATION | ||
| 650 | _aSAFETY | ||
| 690 | _aLANDLORD AND TENANT-BUSINESS TENANCIES | ||
| 942 | _n0 | ||
| 948 | _c04/03/1997 | ||
| 999 |
_c25373 _d25373 |
||